| 000 | 01058cam a22001934a 4500 | ||
|---|---|---|---|
| 005 | 20250605164120.0 | ||
| 008 | 250528s ||||||||||||||||||||||||d | ||
| 035 | _a18254 | ||
| 020 | _a1850630194 | ||
| 040 |
_aGR-AtMCL _bgre _dGR-AtMCL _eAACR2 |
||
| 245 | 1 | _aReturn from Death / An Exploration of the Near-Death Experience | |
| 260 |
_bArkana, _c1985 |
||
| 300 | _a208 | ||
| 520 | _aFor those who have been close to death, even survived ''clinical death'', a remarkable experience occurs which has become know as the Near Death Experience. Foreword by Professor Kenneth Ring, Preface, Acknowledgements, Approaching Death, Near-Death Studies: A Contemporary Study of British Near-Death Experiences, Negative Near-Death Experiences, Subjective Perceptions of Near-Death Experiences, Beyond Near-Death, After-Effects of the Near-Death Experience, Healing Manifestations, Evolutionary Aspects of Near-Death Experiences, Reflections on Some Possible Implications. | ||
| 700 | 1 |
_aGrey Margot _94535 |
|
| 942 | _cBK | ||
| 999 |
_c3626 _d3626 |
||